000 00909cam a2200241 a 4500
001 2997048
005 20250804182937.0
008 930628s1994 mau f 000 0 eng
020 _a0875844367 (hard : alk. paper) :
_c$29.95
020 _a0875844316 (pbk. : alk. paper) :
_c$16.95
020 _a9780875844367
020 _a9780875844312
050 0 0 _aHD30.28
_b.H553 1994
082 0 0 _a658.4/012
_220
100 1 _aHindle, Tim.
245 1 0 _aField guide to strategy :
_ba glossary of essential tools and concepts for today's manager /
_cchief contributor, Tim Hindle ; edited, with an introduction by Margaret Lawrence.
260 _aBoston, Mass. :
_bHarvard Business School Press,
_cc1994.
300 _axi, 225 p. ;
_c19 cm.
440 0 _aHarvard Business/The Economist reference series
650 0 _aStrategic planning
_xTerminology.
700 1 _aLawrence, Margaret,
_d1950-
942 _2lcc
_cREF
_n0
999 _c7231
_d7231